| 000 | 01103cab a2200301 4500 | ||
|---|---|---|---|
| 001 | ABS54467 | ||
| 008 | 090401t1996 xxu||||| |||| 00| 0 eng d | ||
| 035 | _a(Sirsi) u10558 | ||
| 041 | _aeng | ||
| 100 | _aBrewer, G. | ||
| 245 | _aLimiting subcontractors` damages | ||
| 260 | _c1996 | ||
| 350 | _a0 | ||
| 490 |
_aContract Journal _v282(6061) 8 February 1996, 24-25(2) |
||
| 520 | _aDiscusses how subcontractors can face greater risk of damages for causing delay to progress or completion than main contractors. Considers attempts to limit liabilities under subcontract conditions, illustrating through the recent "Bovis v Whatlings" (HL) case that the wording is all important. | ||
| 650 | _aBOVIS CONSTRUCTION (SCOTLAND) LTD V WHATLINGS CONSTRUCTION LTD (SCOTLA | ||
| 650 | _aBREACH OF CONTRACT | ||
| 650 | _aCLAIMS | ||
| 650 | _aCONTRACT CLAIMS | ||
| 650 | _aDAMAGES | ||
| 650 | _aDELAYS | ||
| 650 | _aLIMITATION CLAUSES | ||
| 650 | _aSUBCONTRACTORS | ||
| 650 | _aTIME RELATED COSTS | ||
| 690 | _aBUILT ENVIRONMENT-BUILDING CONTRACT FORMS | ||
| 942 | _n0 | ||
| 948 | _c04/03/1997 | ||
| 999 |
_c6678 _d6678 |
||